000
00307nam a2200133Ia 4500
008
220204s9999 xx 000 0 und d
082
_a
031
_b
GUP
100
_a
Gupta, S P
245
0
_a
Statistical methods
250
_a
10
260
_a
New Delhi
_b
Sultan Chand
_c
1978
650
_a
Statistics
942
_c
BK
999
_c
27518
_d
27518